| 000 | 00866nam a2200217Ia 4500 | ||
|---|---|---|---|
| 003 | GCL | ||
| 008 | 140319s9999 xx 000 0 ara d | ||
| 040 |
_aGCL / _cGCL |
||
| 082 | 0 | 4 |
_a338.9 _bس ا |
| 100 | 1 | _aسنجهاز، ديتر | |
| 245 | 1 | 0 |
_aاوربا: دروس ونماذج ماذا تعلمنا اوروبا ? تأملات فى التطور التاريخى / _cسنجهاز، ديتر |
| 700 | 1 | _aميشيل كيلو | |
| 300 | _a316 ص | ||
| 490 |
_aدراسات اجتماعية _v0 |
||
| 650 | 0 | 4 | _aاوربا - التنمية الاقتصادية |
| 650 | 0 | 4 | _aفنلندا, التنمية الاقتصادية |
| 650 | 0 | 4 | _aنيوزلندا, التنمية الاقتصادية |
| 650 | 0 | 4 | _aالدنمارك، التنمية الاقتصادية |
| 650 | 0 | 4 | _aكورياالجنوبية - التنميةالاقتصادي |
| 942 |
_2ddc _cBK |
||
| 999 |
_c47921 _d47921 |
||